Normal view
MARC view
- الشعر العربي - تاريخ ونقد - عصر صدر الإسلام
Entry Topical Term
001 - CONTROL NUMBER
- control field: 10359
003 - CONTROL NUMBER IDENTIFIER
- control field: JO-AjAnu
005 - DATE AND TIME OF LATEST TRANSACTION
- control field: 20230606071950.0
008 - FIXED-LENGTH DATA ELEMENTS
- fixed length control field: 230606|| aca||aabn | a|a d
040 ## - CATALOGING SOURCE
- Original cataloging agency: JO-AjAnu
- Transcribing agency: JO-AjAnu
150 ## - HEADING--TOPICAL TERM
- Topical term or geographic name entry element: الشعر العربي - تاريخ ونقد - عصر صدر الإسلام
670 ## - SOURCE DATA FOUND
- Source citation: Work cat.: (JO-AjAnu)5334: إعداد وعد محمد مفلح العربيات ؛ إشراف هاشم ياغي , author 10358, النمر بن تولب (حياته وشعره)